L'année 14 (notice n° 1925703)

détails MARC
000 -LEADER
fixed length control field 01157cam a2200133 4500500
005 - DATE AND TIME OF LATEST TRANSACTION
control field 20260329023233.0
041 ## - LANGUAGE CODE
Language code of text/sound track or separate title fre
042 ## - AUTHENTICATION CODE
Authentication code dc
100 10 - MAIN ENTRY--PERSONAL NAME
Personal name Becker, Jean-Jacques
Relator term author
245 00 - TITLE STATEMENT
Title L'année 14
260 ## - PUBLICATION, DISTRIBUTION, ETC.
Name of publisher, distributor, etc. Armand Colin,<br/>
Date of publication, distribution, etc. 2013.<br/>
520 ## - SUMMARY, ETC.
Summary, etc. Dans l’histoire des hommes, quelques dates marquent des ruptures indélébiles. 1914 est de celles-là. On donna par la suite – à tort – le nom de Première Guerre mondiale à ce conflit, dont on connaît le terrible bilan : 10 millions de morts, un désastre économique et culturel, et l’avènement des régimes totalitaires. Cette guerre était-elle évitable ? La Grande Guerre aurait-elle pu ne pas avoir lieu et le XXe siècle en être totalement transformé ? Quels furent les objectifs et les arrière-pensées des acteurs, au jour le jour, dans les capitales européennes ? Quel était, au-delà de l’image d’Épinal, l’état d’esprit des populations ? Autant de questions auxquelles répond ce livre, dans un récit au quotidien des premiers mois du drame.
856 41 - ELECTRONIC LOCATION AND ACCESS
Uniform Resource Identifier <a href="https://shs.cairn.info/l-annee-14--9782200286194?lang=fr&redirect-ssocas=7080">https://shs.cairn.info/l-annee-14--9782200286194?lang=fr&redirect-ssocas=7080</a>

Pas d'exemplaire disponible.

PLUDOC

PLUDOC est la plateforme unique et centralisée de gestion des bibliothèques physiques et numériques de Guinée administré par le CEDUST. Elle est la plus grande base de données de ressources documentaires pour les Étudiants, Enseignants chercheurs et Chercheurs de Guinée.

Adresse

627 919 101/664 919 101

25 boulevard du commerce
Kaloum, Conakry, Guinée

Réseaux sociaux

Powered by Netsen Group @ 2025